Представление документа в формате MARC21

Поле Инд. ПП Название Значение
Тип записи a
Библиографический уровень m
001 Контрольный номер UNIDUBNA5b2c4c90e7c54f2292ed7d0ff1e62aa5
005 Дата корректировки 20260529164418.0
008 Кодируемые данные 20260529
022 a ISSN 0320-331X
084 a Индекс другой классификации/Индекс ББК 30у
090 a Полочн. индекс 95.2
099 a Индекс 80797
245 a Заглавие Техника - молодежи
n Номер части/ раздела №5/2026
b Продолж. заглавия научно-популярный журнал
c Ответственность учредитель: ООО "Техника - молодежи"; гл. ред. А. Н. Перевозчиков
260 c Дата издания 2026
b Издательство Техника-молодежи
a Место издания Москва
300 a Объем 70 с.
500 a Примечание Журнал
650 a Основная рубрика изобретательство; техника
653 a Ключевые слова наука; инновации; изобретения
773 w Контрольный № источника DU/607025245
901 t Тип документа s
952 a Тип литературы для КСУ ВШ НПЖ
991 s 6